English composition and rhetoric / (Record no. 22337)
[ view plain ]
| 000 -LEADER | |
|---|---|
| fixed length control field | 00805cam a2200253u 4500 |
| 001 - CONTROL NUMBER | |
| control field | 22337 |
| 003 - CONTROL NUMBER IDENTIFIER | |
| rucl marc code | BD-RjUL |
| 005 - DATE AND TIME OF LATEST TRANSACTION | |
| control field | 20211209000808.0 |
| 008 - FIXED-LENGTH DATA ELEMENTS--GENERAL INFORMATION | |
| fixed length control field | 140308s1914 nyu a 000 0 eng |
| 035 ## - SYSTEM CONTROL NUMBER | |
| System control number | (BD-RjUL)22402 |
| 040 ## - CATALOGING SOURCE | |
| Original cataloging agency | DLC |
| Transcribing agency | CarP |
| Modifying agency | DLC |
| -- | BD-RjUL |
| Language of cataloging | eng |
| 041 ## - LANGUAGE CODE | |
| Language code of text/sound track or separate title | eng |
| 082 ## - DEWEY DECIMAL CLASSIFICATION NUMBER | |
| Classification number | 808 |
| Author mark and year | BAE V-2 1914 |
| 100 1# - MAIN ENTRY--PERSONAL NAME | |
| Personal name | Bain, Alexander, |
| Dates associated with a name | 1818-1903. [from old catalog] |
| 9 (RLIN) | 68972 |
| 245 00 - TITLE STATEMENT | |
| Title | English composition and rhetoric / |
| Statement of responsibility, etc. | by Alexander Bain. |
| Number of part/section of a work | Part Second : |
| Name of part/section of a work | Emotional Qualities Of Style |
| 250 ## - EDITION STATEMENT | |
| Edition statement | Enlarged ed. |
| 260 ## - PUBLICATION, DISTRIBUTION, ETC. (IMPRINT) | |
| Place of publication, distribution, etc. | New York ; |
| -- | Bombay : |
| Name of publisher, distributor, etc. | Longmans ; |
| -- | Green, |
| Date of publication, distribution, etc. | 1914. |
| 300 ## - PHYSICAL DESCRIPTION | |
| Pagination | xxxii, 325 p. ; |
| Size | 21 cm. |
| 650 #0 - SUBJECT ADDED ENTRY--TOPICAL TERM | |
| Topical term or geographic name as entry element | English language |
| Chronological subdivision | 19th century |
| General subdivision | Rhetoric. |
| 9 (RLIN) | 68973 |
| 942 ## - ADDED ENTRY ELEMENTS (KOHA) | |
| Source of classification or shelving scheme | Dewey Decimal Classification |
| Koha item type | Books |
| Lost status | Source of classification or shelving scheme | Damaged status | Not for loan | Collection code | Permanent Location | Current Location | Shelving location | Date acquired | Source of acquisition | Total Checkouts | Full call number | Date last seen | Copy number | Koha item type |
|---|---|---|---|---|---|---|---|---|---|---|---|---|---|---|
| Dewey Decimal Classification | Added to bundle | Non-fiction | Central Library, University of Rajshahi | Central Library, University of Rajshahi | Reading Room | 20/02/1957 | Puthia Rayestate | 808 BAE V-2 1914 | 08/03/2014 | C-1 | Books |